000 00562nam a22001937a 4500
003 OSt
005 20240502170434.0
008 240502b |||||||| |||| 00| 0 eng d
020 _a9780824758301
040 _cDDC
082 _a534.55 ULT 2009
100 _4Edited by Stulen Foster B. and Ensminger Dale.
245 _aUltrasonic: Data,Equations and their Practical Uses
260 _aNew York,
_bTaylor & Francis,
_c2009.
300 _axi;495p
_bill,
_c24.2cm.
504 _aReferences,Index.
650 _2Ultrasonic,
_aPhysics.
_9809
942 _2ddc
_cO_SHELF
999 _c8325
_d8325